000 00931nam a2200181 4500
999 _c7564
_d7564
020 _a0415039479
020 _a817096539X
050 _aPN1661
_b.B6
100 _aBoulton, Marjorie
245 _aThe anatomy of drama. London, Routledge & Paul [1960]
_cMarjorie Boulton
260 _aLondon,
_bRoutledge & Paul
_c[1960]
300 _a212 pages
_c 20 cm
500 _aIncludes index.
505 _aLiterature that walks -- So we must make it walk -- Visible action -- Adaptation of plots -- The conventional divisions -- Direct experience of characters -- The technique of dialogue- individuals -- The technique of dialogue- conversation -- Verse and prose in drama -- The types of drama -- Relating to drama history -- The uselessness and use of notes -- Interpretation as an aid to study -- Drama is natural.
650 _aDrama --
_xTechnique /
650 _a Drama --
_xHistory and criticism /
942 _cBK